Muž z Carltonu

Bibliographic Details
Main Author: Wallace, Edgar, 1875-1932 (Author)
Other Authors: Mrlianová-Marušiaková, Svetlana, 1945-1993 (Translator), Hrčka, Milan, 1947- (Illustrator)
Format: Book
Language:Slovak
English
PhysicalDescription:47, [1] s. 4°
Published: Bratislava Smena 1975
Series:Dobrodružné romány
Subjects:

MARC

LEADER 00000cam a2200000 a 4500
001 vtls008312835
003 SK-MaSNL
005 20260301041155.0
008 251029s1975 xo 000 f slo
015 |a SNBA1975/02-00565 
035 |a SK01SNK19750005052 
035 |a SKM000007515 
040 |a SNK  |b slo  |c SNK  |e AACR2 
041 1 |a slo  |h eng 
044 |a xo  |c SK 
080 |a 820-3  |2 1981 
100 1 |a Wallace, Edgar,  |d 1875-1932  |4 aut  |9 122910 
240 1 0 |a The Man at the Carlton  |l Slovensky 
245 1 0 |a Muž z Carltonu  |c Edgar Wallace ; z angl. orig. prel. Svetlana Marušiaková ; ilustr. Milan Hrčka 
260 |a Bratislava  |b Smena  |c 1975  |e Bratislava  |f Pravda 
300 |a 47, [1] s.  |c 4° 
366 |e 40000 výt. 
490 1 |a Dobrodružné romány  |v č. 222 
655 7 |a anglické romány  |2 SNKPH  |9 70428 
700 1 |a Mrlianová-Marušiaková, Svetlana,  |d 1945-1993  |4 trl  |9 60412 
700 1 |a Hrčka, Milan,  |d 1947-  |4 ill  |9 249117 
730 |a The Man at the Carlton  |9 342509 
830 0 |a Dobrodružné romány  |9 276927 
852 |a Slovenská národná knižnica v Martine  |b 10000  |h SB 21817 
852 |a Slovenská národná knižnica v Martine  |b 10000  |h SB 21817 D1 
958 |a TL 
958 |a RK 
958 |a UP 
958 |a LX 
958 |a OND 
999 |c 587775  |d 589705 
952 |a SNK  |b SNK  |y PREZ  |7 0  |p 17A0920438  |o snkSB 21817  |i snkKSP 1860/75  |0 0  |1 0  |4 0  |d 2014-05-30  |f 1  |l 0  |r 2025-03-25 00:00:00  |w 2026-02-23 
952 |a SNK  |b SNK  |y VYP  |7 0  |o snkSB 21817 D1  |i snkKSP 1861/75  |0 0  |1 0  |4 0  |d 2014-05-30  |l 0  |r 2026-02-23 15:14:34  |w 2026-02-23